Biggest italian cities by metropolitan area - Statistics

General Stats
  • This quiz has been taken 705 times
  • The average score is 9 of 10
Answer Stats
Answer % Correct
2 Rome 4 008 095
100%
1 Milan 4 060 624
99%
3 Naples 3 552 568
96%
4 Turin 1 747 614
91%
7 Florence 723 164
90%
5 Palermo 935 921
88%
6 Bologna 745 255
80%
8 Genoa 716 159
77%
10 Bari 577 899
74%
9 Catania 623 610
58%
No matching quizzes found
Score Distribution
Percent of People with Each Score
Percentile by Number Answered
Your Score History
You have not taken this quiz